| 000 | 00623nam a22002177a 4500 | ||
|---|---|---|---|
| 003 | OSt | ||
| 005 | 20170131150424.0 | ||
| 008 | 170131b xxu||||| |||| 00| 0 eng d | ||
| 020 | _a0521809614 | ||
| 040 | _cDMLN | ||
| 082 | _aWS360 P137a 2004 | ||
| 100 |
_aEditor Adam H. Balen _911478 |
||
| 245 | _aPaediatric and Adolescent Gynaecology: a multidisciplinary approach | ||
| 260 | _aCambridge University Press, 2004 | ||
| 300 | _axiv,558p; col.ill: 28cm | ||
| 504 | _aReferences, & index included | ||
| 650 |
_aPaeditrics _911475 |
||
| 650 |
_aAdolescent _99173 |
||
| 650 |
_aGynaecology _911479 |
||
| 942 |
_2z _cO_SHELF |
||
| 999 |
_c5501 _d5501 |
||